[Event "World Amateur-ch"]
[Site "Iasi"]
[Date "2013.04.28"]
[Round "7"]
[White "Dumitru, Sorin"]
[Black "Al Hamed, Saif Idrees"]
[Result "0-1"]
[WhiteElo "1456"]
[BlackElo "1633"]
[PlyCount "62"]
[EventDate "2013.04.22"]
[EventType "swiss"]
[EventRounds "9"]
[EventCountry "ROU"]
[SourceTitle "CBM 154 Extra"]
[Source "ChessBase"]
[SourceDate "2013.06.25"]
[SourceVersion "2"]
[SourceVersionDate "2013.06.25"]
[SourceQuality "1"]

1. f4 d5 2. e3 c5 3. b3 a6 4. Bb2 Nc6 5. Nf3 e6 6. Nc3 f6 7. Ne2 Bd6 8. Ng3 Nge7 9. a3 0-0 10. Bd3 e5 11. fxe5 Nxe5 12. Be2 Qc7 13. Kf2 Ng4+ 14. Kf1 Bxg3 15. Ne1 Bxe1 16. Bxg4 Bxg4 17. Qxe1 Bf5 18. Rc1 Nc6 19. Qh4 Ne5 20. h3 Rae8 21. g4 Be4 22. Rg1 Nf3 23. Qf2 Nxg1 24. Qxg1 Qd6 25. Kf2 d4 26. Rd1 Bxc2 27. Rc1 dxe3+ 28. dxe3 Qd2+ 29. Kg3 Rxe3+ 30. Kh4 g5+ 31. Kh5 Rxh3# 0-1

[Event "World Amateur-ch"]
[Site "Iasi"]
[Date "2013.04.26"]
[Round "5"]
[White "Dumitru, Sorin"]
[Black "Pricopie, Stefan"]
[Result "1-0"]
[WhiteElo "1456"]
[BlackElo "1670"]
[PlyCount "39"]
[EventDate "2013.04.22"]
[EventType "swiss"]
[EventRounds "9"]
[EventCountry "ROU"]
[SourceTitle "CBM 154 Extra"]
[Source "ChessBase"]
[SourceDate "2013.06.25"]
[SourceVersion "2"]
[SourceVersionDate "2013.06.25"]
[SourceQuality "1"]

1. f4 d5 2. e3 c5 3. b3 Nc6 4. Bb2 e5 5. fxe5 Qh4+ 6. g3 Qe4 7. Nf3 Bg4 8. Bg2 Nxe5 9. Bxe5 Bxf3 10. Qxf3 Qxe5 11. Nc3 Nf6 12. 0-0 Rd8 13. d4 Qc7 14. Qf5 Qc6 15. e4 cxd4 16. Nxd5 Rd7 17. Qe5+ Be7 18. Nxe7 Rxe7 19. Qb8+ Kd7 20. Qxh8 1-0